Joan edukira

Теория организации и организационное поведение Учебное пособие

Пособие состоит из двух частей: теория организации и организационное поведение. В первой части изложены вопросы теории организации в том числе законы принципы организационно-правовые формы связи и взаимозависимости структурных составляющих организации организационное проектирование современные тенде...

Deskribapen osoa

Gorde:
Xehetasun bibliografikoak
Egile nagusia: Балашов А.П
Formatua: Учебное пособие
Edizioa:1
Sarrera elektronikoa:https://znanium.com/catalog/document?id=398326
https://znanium.com/cover/1153/1153776.jpg
Etiketak: Etiketa erantsi
Etiketarik gabe, Izan zaitez lehena erregistro honi etiketa jartzen!
LEADER 03958nam0a2200409 i 4500
001 RU\infra-m\znanium\bibl\1153776
003 https://znanium.com/catalog/document?id=398326
005 20240409000000.0
010 |a 978-5-9558-0343-2 
010 |a 978-5-16-100357-2  |b электр. издание 
010 |a 978-5-16-009275-1  |b ISBN соиздателя 
100 |a 20240409d2022 m y0rusy0150 ca 
101 0 |a rus 
102 |a RU 
200 1 |a Теория организации и организационное поведение  |e Учебное пособие  |f Новосибирский государственный аграрный университет 
205 |a 1 
210 1 |a Москва  |c Вузовский учебник  |d 2021 
215 |a 299 с. 
330 |a Пособие состоит из двух частей: теория организации и организационное поведение. В первой части изложены вопросы теории организации в том числе законы принципы организационно-правовые формы связи и взаимозависимости структурных составляющих организации организационное проектирование современные тенденции построения и развития организаций. Во второй части рассматриваются вопросы организационного поведения в том числе факторы определяющие поведение личности и групп в организации; организационное развитие; управление поведением персонала в условиях организационных изменений; организация как субъект поведения. Особенностью учебного пособия является привлечение обучающихся к широкому участию в учебном процессе (анализ моделей построения и развития организаций дискуссии выполнение заданий для самостоятельной работы с аналитическим уклоном на примере действующих предприятий их презентация и т.п.). Пособие предназначено для магистрантов обучающихся по направлению подготовки «Менеджмент» слушателей различных форм подготовки переподготовки и повышения квалификации управленческих кадров менеджеров организаций. 
333 |a ВО - Магистратура 
606 |a Управление (менеджмент)  |x Теория организации  |2 local 
608 |a Учебное пособие  |2 local 
675 |a 65.0(075.)  |z rus 
686 |a 65.290-2я73  |2 rubbk 
686 |a 38.03.01  |2 okso 
686 |a 38.03.02  |2 okso 
686 |a 38.03.03  |2 okso 
686 |a 38.03.04  |2 okso 
686 |a 38.04.02  |2 okso 
686 |a 38.04.03  |2 okso 
686 |a 38.04.04  |2 okso 
686 |a 41.03.06  |2 okso 
686 |a 44.03.05  |2 okso 
700 1 |a Балашов  |b А.П.  |g Анатолий Павлович  |p Новосибирский государственный аграрный университет 
801 0 |a RU  |b Общество с ограниченной ответственностью «ЗНАНИУМ»  |c 20200721  |2 rusmarc 
856 4 |a znanium.com  |m ebs_support@infra-m.ru  |n НИЦ ИНФРА-М  |u https://znanium.com/catalog/document?id=398326 
856 4 1 |a znanium.com  |d /cover/1153  |f 1153776.jpg  |q image/jpeg  |u https://znanium.com/cover/1153/1153776.jpg